[Event "46th GRE-chT Premier 2018"]
[Site "Rio Achaia"]
[Date "2018.07.10"]
[Round "1"]
[White "Firat, Burak"]
[Black "Deligiannis, Paraskevas"]
[Result "1-0"]
[WhiteElo "2452"]
[BlackElo "2061"]
[Annotator "TA"]
[PlyCount "119"]
[EventDate "2018.07.10"]
[EventType "team-tourn"]
[EventCountry "GRE"]
[SourceTitle "playchess.com"]
[Source "ChessBase"]
[SourceQuality "1"]

{[%evp 13,119,0,34,27,54,42,43,40,49,46,52,17,31,41,90,93,102,98,166,165,197,123,134,118,120,129,222,223,222,201,227,223,221,213,214,220,255,224,241,235,210,134,131,107,195,194,199,167,204,204,204,203,203,204,203,203,203,203,211,203,204,210,405,404,408,438,433,426,340,287,368,361,347,314,447,450,422,422,502,496,466,472,510,495,541,542,543,494,500,481,470,475,472,470,457,413,527,525,623,626,619,611,593,582,4827,4818,1728,1728]} 1. e4 e5 2. Nf3 Nf6 3. Nc3 Nc6 4. Bb5 Nd4 5. Bc4 Nxf3+ 6. Qxf3 d6 7. d3 {C48: Four Knights: 4 Bb5, replies other than 4...Bb4} Be6 {LiveBook: 3 Games} (7... Be7 {feels hotter.} 8. a4 a5 9. Be3 O-O 10. O-O c6) (7... Be7 8. O-O c6 9. h3 b5 10. Bb3 O-O 11. Qe2 a5 12. a3 Nd7 13. Be3 Bg5 14. Ba2 Bxe3 15. Qxe3 {½-½ (53) Duda,J (2658)-Mamedyarov,S (2736) Berlin 2015}) 8. Be3 $146 ({Predecessor:} 8. Bb3 Be7 9. h3 Qd7 10. Be3 O-O 11. O-O a5 {½-½ (11) Nagibin,G (2392)-Belov,I (2428) Moscow 2009}) 8... c6 9. Bxe6 {White is slightly better.} fxe6 10. O-O-O Be7 11. Qh3 Qd7 12. g3 O-O 13. f4 c5 14. fxe5 dxe5 15. g4 Qd6 (15... Ne8 $16 {was necessary.}) 16. g5 $18 Nd7 {[#]} 17. g6 $1 {[%mdl 512]} hxg6 $16 18. Rhg1 Rf6 19. Bg5 $36 {[%mdl 2048] White is on the roll.} Nf8 (19... Rf2 $16 {might work better.}) 20. Bxf6 $18 Bxf6 21. Qf3 a6 22. Rdf1 Qe7 23. Nd1 b5 24. Kb1 a5 25. Ne3 Bg5 26. h4 Bf4 27. h5 g5 28. Ng2 Ra7 (28... Rd8 $16 {was worth a try.} 29. Rh1 (29. Nxf4 exf4 30. h6 g6 $18) 29... Nd7) 29. Nxf4 gxf4 30. Qg4 Qf6 31. Qg5 {[#] Hoping for Qxf6.} Kf7 32. Kc1 a4 33. Rg4 Qxg5 34. Rxg5 {[%mdl 4096] Endgame KRR-KRN} Kf6 35. Rfg1 Rd7 36. R5g2 Ra7 37. Kd2 Rd7 $2 (37... b4 38. Rg4 Rd7) 38. Kc3 Rb7 39. b4 axb3 40. axb3 Rc7 41. Ra1 g5 42. hxg6 Nxg6 43. Rh1 Ne7 (43... f3 {was called for.} 44. Rg3 Rf7 45. Rxf3+ Nf4) 44. Rh6+ Kf7 45. Rh7+ Kf6 {Strongly threatening ...Nd5+.} 46. Kd2 Rc8 47. Rgg7 Ng6 48. Rc7 Rf8 49. Rxc5 Kg5 50. Rcc7 b4 51. Rcf7 Ra8 52. Rh1 Nh4 53. Rg1+ Kh6 54. Rf1 Kg5 55. Rh7 {White is clearly winning.} f3 56. Ke3 Rf8 57. Rg1+ Ng2+ 58. Kf2 Kf4 59. Rh3 Kg4 60. Rg3+ {Precision: White = 78%, Black = 47%.} 1-0

[Event "46th GRE-chT Premier 2018"]
[Site "Rio Achaia"]
[Date "2018.07.10"]
[Round "1"]
[White "Sandalakis, Angelos"]
[Black "Tomici, Stefan"]
[Result "1-0"]
[WhiteElo "2448"]
[BlackElo "2369"]
[Annotator "TA"]
[PlyCount "57"]
[EventDate "2018.07.10"]
[EventType "team-tourn"]
[EventCountry "GRE"]
[SourceTitle "playchess.com"]
[Source "ChessBase"]
[SourceQuality "1"]

{[%evp 11,57,46,42,20,31,-12,19,-16,24,22,30,-32,-32,-22,-24,-22,-29,-27,27,0,10,10,18,-19,-5,-15,-2,-34,-31,0,0,0,0,0,98,103,107,111,133,69,77,77,222,224,229,214,979,989]} 1. e4 e6 2. d4 d5 3. Nc3 Bb4 4. e5 b6 5. Qg4 Bf8 6. Bg5 Qd7 {LiveBook: 151 Partien} 7. a3 {C16: Französische Verteidigung (Nimzowitsch-Variante)} (7. O-O-O Ne7 8. Bxe7 h5 9. Qh3 Bxe7 10. f4 Ba6 11. Nf3 Bxf1 12. Rhxf1 Nc6 13. Ng5 Bxg5 14. fxg5 O-O-O 15. Rf4 {1-0 (52) Yu,Y (2721)-Lenderman,A (2623) Las Vegas 2015}) 7... Bb7 $146 ({Vorgänger:} 7... h6 8. Be3 Ne7 9. b4 Nf5 10. Bd3 c5 11. bxc5 Nxe3 12. fxe3 bxc5 13. Bb5 Nc6 14. Nge2 g6 {1-0 (24) Dorst,J (2167)-Gorovets,A (2417) Pardubice 2011}) 8. Nge2 Nc6 9. Ng3 {Die Stellung ist ausgeglichen.} h6 {[%cal Bh7h6,Bh6h5][%mdl 32]} 10. Be3 O-O-O 11. h4 (11. Bb5 $11) 11... f6 $1 $15 12. f4 h5 $1 {[%cal Rh5g4]} 13. Qh3 Kb8 14. O-O-O f5 (14... g6 $142) 15. Bb5 a6 16. Be2 g6 17. Na2 Nh6 18. Nf1 Ng4 19. Kb1 Na5 20. Bg1 Rc8 21. Nd2 c5 22. dxc5 bxc5 {[#]} (22... Bxc5 $11 {bleibt in der Remisbreite.} 23. Qg3 Rc7) 23. b4 $1 $16 cxb4 24. axb4 Nc6 25. Nc4 (25. Qa3 $16) 25... Qc7 26. Nb6 Nxb4 (26... Bh6 $16 {war nötig.}) 27. Nxb4 $18 Bxb4 28. Qb3 ({Minderwertig wäre} 28. Nxc8 Rxc8 29. Qb3 Qa5 $11) 28... Bc5 $2 {[#]} (28... a5 29. Nxc8 Rxc8) 29. Bxc5 {Precision: Weiß = 46%, Schwarz = 46%.} 1-0

[Event "46th GRE-chT Premier 2018"]
[Site "Rio Achaia"]
[Date "2018.07.10"]
[Round "1"]
[White "Zawadzka, Jolanta"]
[Black "Iordanidou, Zoi"]
[Result "1-0"]
[WhiteElo "2439"]
[BlackElo "2060"]
[Annotator "TA"]
[PlyCount "51"]
[EventDate "2018.07.10"]
[EventType "team-tourn"]
[EventCountry "GRE"]
[SourceTitle "playchess.com"]
[Source "ChessBase"]
[SourceQuality "1"]

{[%evp 16,51,64,54,168,147,227,222,233,238,243,250,255,250,250,251,249,249,268,241,338,342,552,551,581,575,554,558,701,704,686,688,793,777,764,731,1066,1054]} 1. e4 d5 2. exd5 Qxd5 3. Nc3 Qa5 4. d4 Nf6 5. Bc4 c6 6. Bd2 Qc7 7. Qe2 {B01: Scandinavian Defence} Nbd7 8. Nf3 Nb6 9. Bb3 {LiveBook: 3 Games. White is slightly better.} Bf5 {[#]} (9... a5 $14) (9... e6 10. Ne5 Be7 11. g4 Nbd5 12. g5 Nd7 13. f4 Nxc3 14. bxc3 Nxe5 15. fxe5 {½-½ (36) Ponizil,C (2521)-Kolago,M (2361) Poronin 2016}) 10. Ne5 $1 $18 e6 $146 (10... Nfd5 $16 11. g4 (11. Qh5 e6 $11) 11... Be6) ({Predecessor:} 10... Bg6 11. h4 Nfd7 12. Bf4 Nxe5 13. Bxe5 Qd7 14. O-O-O {1-0 (26) Lochte,T (2225)-Schoengart,R (1980) Berlin 1995}) 11. g4 Bg6 {[#]} 12. h4 $1 {[%cal Bh2h4,Bh4h5][%mdl 32]} O-O-O 13. h5 Bxc2 14. Bxc2 Rxd4 15. O-O-O Bd6 16. f4 Bxe5 17. fxe5 ({Don't take} 17. Qxe5 $6 Qxe5 18. fxe5 Nxg4 $18) 17... Nfd7 (17... Nfd5 {was worth a try.} 18. Nxd5 cxd5) 18. Ne4 Qxe5 $2 (18... Nxe5 {is a better defense.} 19. Bc3 Rxd1+ 20. Rxd1 Nd5) 19. Bc3 {White is clearly winning.} Qf4+ 20. Kb1 Rxd1+ 21. Rxd1 Nd5 22. Bxg7 Rg8 23. h6 f5 24. gxf5 exf5 25. Nc3 Qe3 26. Qh5 {Precision: White = 100%, Black = 26%.} 1-0

[Event "46th GRE-chT Premier 2018"]
[Site "Rio Achaia"]
[Date "2018.07.10"]
[Round "1"]
[White "Vlachos, Anatole"]
[Black "Abelakiotis, Stavros"]
[Result "1-0"]
[WhiteElo "2428"]
[BlackElo "2029"]
[Annotator "NA"]
[PlyCount "89"]
[EventDate "2018.07.10"]
[EventType "team-tourn"]
[EventCountry "GRE"]
[SourceTitle "playchess.com"]
[Source "ChessBase"]
[SourceQuality "1"]
[TimeControl "40/5400+30:1800+30"]

1. Nf3 {[%emt 0:00:00]} c5 {[%emt 0:00:14]} 2. g3 {[%emt 0:00:00]} b6 {[%emt 0:00:48]} 3. Bg2 {[%emt 0:00:00]} Bb7 {[%emt 0:00:09]} 4. O-O {[%emt 0:00:00]} Nf6 {[%emt 0:00:35]} 5. c4 {[%emt 0:00:07]} e6 {[%emt 0:00:22]} 6. b3 {[%emt 0:01:00]} Be7 {[%emt 0:00:58]} 7. Bb2 {[%emt 0:00:07]} O-O {[%emt 0:00:35]} 8. Nc3 {[%emt 0:00:42]} d5 {[%emt 0:06:52]} 9. Ne5 {[%emt 0:21:16]} Nbd7 {[%emt 0:23:25]} 10. d4 {[%emt 0:00:17]} cxd4 {[%emt 0:06:31]} 11. Qxd4 {[%emt 0:00:17]} Bc5 {[%emt 0:16:59]} 12. Qf4 {[%emt 0:00:39]} Bd6 {[%emt 0:03:56]} 13. Nxf7 {[%emt 0:02:53]} Bxf4 {[%emt 0:04:37]} 14. Nxd8 {[%emt 0:00:12]} Raxd8 {[%emt 0:02:16]} 15. gxf4 {[%emt 0:00:02]} Nc5 {[%emt 0:05:08]} 16. b4 {[%emt 0:05:19]} Nce4 {[%emt 0:00:46]} 17. Nxe4 {[%emt 0:02:45]} Nxe4 {[%emt 0:00:58]} 18. cxd5 {[%emt 0:10:18]} Bxd5 {[%emt 0:05:47]} 19. e3 {[%emt 0:00:19]} Rc8 {[%emt 0:04:59]} 20. Rac1 {[%emt 0:07:51]} Nf6 {[%emt 0:03:35]} 21. Bxf6 {[%emt 0:05:26]} Bxg2 {[%emt 0:02:21]} 22. Kxg2 {[%emt 0:00:08]} gxf6 {[%emt 0:00:09]} 23. Rfd1 {[%emt 0:00:06]} Rxc1 {[%emt 0:02:25]} 24. Rxc1 {[%emt 0:00:02]} Rf7 {[%emt 0:00:14]} 25. Rc6 {[%emt 0:01:29]} Re7 {[%emt 0:02:03]} 26. f5 {[%emt 0:00:42]} exf5 {[%emt 0:00:11]} 27. Rxf6 {[%emt 0:00:11]} Re5 {[%emt 0:00:38]} 28. Kf3 {[%emt 0:02:11]} Kg7 {[%emt 0:01:11]} 29. Rc6 {[%emt 0:00:54]} Rb5 {[%emt 0:00:23]} 30. a3 {[%emt 0:01:34]} a5 {[%emt 0:02:40]} 31. Kf4 {[%emt 0:02:58]} axb4 {[%emt 0:00:13]} 32. axb4 {[%emt 0:00:01]} Rxb4+ {[%emt 0:03:16]} 33. Kxf5 {[%emt 0:00:17]} Rb2 {[%emt 0:00:23]} 34. f4 {[%emt 0:00:21]} b5 {[%emt 0:00:46]} 35. Rc7+ {[%emt 0:03:58]} Kh6 {[%emt 0:00:14]} 36. e4 {[%emt 0:00:44]} Rxh2 {[%emt 0:00:50]} 37. e5 {[%emt 0:00:02]} b4 {[%emt 0:00:27]} 38. Rb7 {[%emt 0:02:02]} Rb2 {[%emt 0:00:34]} 39. e6 {[%emt 0:00:10]} b3 {[%emt 0:00:24]} 40. e7 {[%emt 0:00:00]} Re2 {[%emt 0:00:00]} 41. Kf6 {[%emt 0:00:26]} b2 {[%emt 0:04:53]} 42. Kf7 {[%emt 0:02:34]} Kh5 {[%emt 0:02:28]} 43. e8=Q {[%emt 0:00:22]} Rxe8 {[%emt 0:00:09]} 44. Kxe8 {[%emt 0:00:03]} Kg4 {[%emt 0:00:09]} 45. Rxb2 {[%emt 0:00:05]} 1-0

[Event "46th GRE-chT Premier 2018"]
[Site "Rio Achaia"]
[Date "2018.07.10"]
[Round "1"]
[White "Tsolakidou, Stavroula"]
[Black "Petraki, Evaggelia"]
[Result "1-0"]
[WhiteElo "2423"]
[BlackElo "1814"]
[Annotator "NA"]
[PlyCount "59"]
[EventDate "2018.07.10"]
[EventType "team-tourn"]
[EventCountry "GRE"]
[SourceTitle "playchess.com"]
[Source "ChessBase"]
[SourceQuality "1"]
[TimeControl "40/5400+30:1800+30"]

1. Nf3 {[%emt 0:00:00]} Nf6 {[%emt 0:00:00]} 2. c4 {[%emt 0:00:00]} d6 {[%emt 0:00:00]} 3. Nc3 {[%emt 0:00:22]} e5 {[%emt 0:00:19]} 4. d4 {[%emt 0:00:22]} Nbd7 {[%emt 0:00:17]} 5. Bg5 {[%emt 0:00:13]} Be7 {[%emt 0:00:52]} 6. e3 {[%emt 0:00:21]} c6 {[%emt 0:03:15]} 7. Be2 {[%emt 0:07:32]} Qc7 {[%emt 0:01:32]} 8. Qc2 {[%emt 0:01:09]} a6 {[%emt 0:03:42]} 9. Rc1 {[%emt 0:08:05]} O-O {[%emt 0:06:55]} 10. O-O {[%emt 0:01:51]} Re8 {[%emt 0:01:09]} 11. Rfd1 {[%emt 0:02:43]} b6 {[%emt 0:09:03]} 12. h3 {[%emt 0:16:06]} Bb7 {[%emt 0:02:33]} 13. Bh4 {[%emt 0:01:40]} Rac8 {[%emt 0:05:44]} 14. Bg3 {[%emt 0:10:50]} Bf8 {[%emt 0:03:37]} 15. b4 {[%emt 0:18:25]} g6 16. a3 Rcd8 {[%emt 0:36:47]} 17. c5 {[%emt 0:05:16]} bxc5 {[%emt 0:00:26]} 18. bxc5 {[%emt 0:00:45]} Qc8 {[%emt 0:12:53]} 19. cxd6 {[%emt 0:01:50]} Bxd6 {[%emt 0:00:13]} 20. dxe5 {[%emt 0:00:11]} Bxe5 {[%emt 0:00:35]} 21. Nxe5 {[%emt 0:01:33]} Nxe5 {[%emt 0:00:11]} 22. Rxd8 {[%emt 0:03:37]} Qxd8 {[%emt 0:00:08]} 23. Na4 {[%emt 0:00:55]} Nfd7 {[%emt 0:01:06]} 24. f4 {[%emt 0:01:13]} Nb6 {[%emt 0:02:52]} 25. Nxb6 {[%emt 0:04:44]} Qxb6 {[%emt 0:00:20]} 26. fxe5 {[%emt 0:00:04]} Qxe3+ {[%emt 0:00:10]} 27. Kh2 {[%emt 0:00:05]} Qxa3 {[%emt 0:01:55]} 28. Rf1 {[%emt 0:00:06]} Re7 {[%emt 0:04:08]} 29. Bc4 {[%emt 0:03:01]} a5 {[%emt 0:02:32]} 30. Qf2 {[%emt 0:00:21]} 1-0

[Event "46th GRE-chT Premier 2018"]
[Site "Rio Achaia"]
[Date "2018.07.10"]
[Round "1"]
[White "Malikentzos, Sotirios"]
[Black "Maier, Christian"]
[Result "1-0"]
[WhiteElo "2420"]
[BlackElo "2378"]
[Annotator "TA"]
[PlyCount "85"]
[EventDate "2018.07.10"]
[EventType "team-tourn"]
[EventCountry "GRE"]
[SourceTitle "playchess.com"]
[Source "ChessBase"]
[SourceQuality "1"]

{[%evp 17,85,70,74,72,108,125,191,185,183,185,191,198,195,200,238,243,227,233,216,216,223,227,216,175,221,169,175,138,214,220,213,143,232,231,237,175,175,168,186,177,180,151,165,120,139,148,227,223,244,236,245,218,281,281,298,296,314,291,339,329,429,412,389,391,633,452,479,491,488,481]} 1. Nf3 d6 2. d4 Nf6 3. g3 c5 4. c4 cxd4 5. Nxd4 d5 6. Bg2 e5 7. Nb3 {E01: Catalan: Early deviations} Bb4+ (7... d4 8. O-O Nc6 9. Bg5 Be7 10. e3 Bg4 11. Qd2 O-O 12. exd4 exd4 13. Bxc6 bxc6 14. Qxd4 Qc8 15. Re1 Rd8 16. Qe3 {½-½ (26) Li,C (2732)-Dubov,D (2696) Liaocheng 2018}) 8. Bd2 Bxd2+ 9. Qxd2 d4 {LiveBook: 3 Games} 10. Qg5 O-O 11. Qxe5 Nc6 (11... d3 $16) 12. Bxc6 $1 $18 bxc6 13. Qxd4 ({Wrong is} 13. Nxd4 $2 Re8 $19) 13... Qe7 14. Nc3 Rd8 $146 ({Predecessor:} 14... Bh3) 15. Qc5 Qb7 16. O-O Be6 17. Rfd1 Nd7 18. Qd4 h6 19. Qh4 Qb4 20. Nd4 Qxb2 21. Nxe6 fxe6 22. Qd4 c5 (22... Nb6 $16 23. Qe3 Kh8) 23. Qe3 Nf8 24. Rdb1 Qc2 (24... Qd2 $16 25. Qxd2 Rxd2) 25. Rb7 Qf5 26. Qf3 Qxf3 27. exf3 Rd4 28. Ne4 Rxc4 29. Rc7 e5 30. Nxc5 Rb8 31. Re1 Ng6 {[#]} (31... Rc2 $16 {is a better defense.} 32. Rxe5 Rb1+ 33. Kg2 Rbb2) 32. Rd1 $1 Rd4 33. Rxd4 exd4 {[%mdl 4096] Endgame KRN-KRN} 34. Kg2 Nf8 35. Rxa7 Rb2 36. Ra8 Kf7 37. Nd3 Rd2 38. Ne5+ Ke7 39. Ra7+ Ke6 40. f4 g5 $2 {[#]} (40... Rc2 41. Rxg7 Kd5) 41. Nf3 {White is clearly winning.} Rd1 42. fxg5 hxg5 43. Nxg5+ {Precision: White = 70%, Black = 56%.} 1-0

[Event "46th GRE-chT Premier 2018"]
[Site "Rio Achaia"]
[Date "2018.07.10"]
[Round "1"]
[White "Secheres, Adrian-Simion"]
[Black "Czarnota, Pawel"]
[Result "0-1"]
[WhiteElo "2415"]
[BlackElo "2549"]
[Annotator "TA"]
[PlyCount "84"]
[EventDate "2018.07.10"]
[EventType "team-tourn"]
[EventCountry "GRE"]
[SourceTitle "playchess.com"]
[Source "ChessBase"]
[SourceQuality "1"]

{[%evp 21,84,0,-11,-31,-26,-94,-108,-92,-97,-105,-68,-104,-111,-183,-111,-116,-106,-106,-112,-105,-111,-112,-5,-91,-85,-103,-109,-142,-138,-168,-148,-145,-149,-152,-127,-141,-140,-141,-132,-138,-126,-135,-116,-148,-142,-135,-133,-279,-265,-413,-413,-420,-403,-460,-455,-455,-455,-450,-444,-433,-397,-762,-761,-745,-704]} 1. e4 c5 2. Nf3 d6 3. d4 cxd4 4. Nxd4 Nf6 5. Nc3 Nc6 6. Bg5 e6 7. Qd2 a6 8. O-O-O Bd7 9. f3 Be7 10. Be3 {B67: Sicilian: Richter-Rauzer: 7...a6 8 0-0-0 Bd7, lines without 9 f4 Be7} (10. h4 h6 11. Be3 h5 12. Kb1 Qc7 13. Bg5 Ne5 14. Bd3 b5 15. Rhe1 b4 16. Nce2 a5 17. f4 Neg4 18. Ng1 {½-½ (91) Short,N (2678)-Li,C (2732) Riadh 2017}) 10... h5 11. h4 Ne5 {LiveBook: 3 Games} 12. f4 $146 {The position is equal.} ({Predecessor:} 12. Kb1 b5 13. Qf2 b4 14. Nce2 a5 15. Nf4 Rb8 16. Qg3 a4 17. Bc1 g6 {1-0 (66) Bryzgalin,K (2438)-Bischoff,K (2559) playchess.com INT 2004}) 12... Neg4 13. Bg1 (13. Be2 $11 {remains equal.}) 13... b5 $17 14. a3 Qc7 15. Rh3 Rb8 16. Re1 O-O 17. Bd3 (17. b4 $17) 17... e5 (17... b4 $19 18. axb4 Rxb4) 18. Nd5 Nxd5 19. exd5 Bf6 20. Nc6 Bxc6 21. dxc6 d5 (21... Rfe8 $17 22. Be4 exf4) 22. fxe5 (22. Bf5 $1 $11 {keeps the balance.}) 22... Bxe5 {White must now prevent ...Bf4.} 23. Rf3 {Black should prevent Qg5.} g6 (23... Qxc6 24. Qg5 $14) 24. Bc5 {[#]} Rfe8 $1 25. Bb4 Qxc6 26. Kb1 Bg7 27. Qf4 Qf6 28. Qxf6 Rxe1+ 29. Bxe1 Bxf6 30. Bg3 Rb6 31. Rf1 Ne3 32. Bf2 Nxf1 33. Bxb6 {[%mdl 4096] Endgame KBB-KBN} Nd2+ 34. Kc1 (34. Ka2 $17) 34... Nc4 $19 35. Bxc4 (35. Bc5 {only move.}) 35... dxc4 {KB-KB} ({Less strong is} 35... bxc4 36. Bf2 $17) 36. Bf2 Kf8 37. b3 cxb3 38. cxb3 Ke7 39. Kd2 Ke6 40. Ke2 Ke5 41. g3 $2 {[#]} (41. Kf3 Kd5 42. g3) 41... Ke4 42. a4 Be5 {Precision: White = 18%, Black = 78%.} 0-1

[Event "46th GRE-chT Premier 2018"]
[Site "Rio Achaia"]
[Date "2018.07.10"]
[Round "1"]
[White "Souleidis, Georgios"]
[Black "Panagiotakopoulos, Gerasimos"]
[Result "1-0"]
[WhiteElo "2415"]
[BlackElo "2165"]
[Annotator "NA"]
[PlyCount "55"]
[EventDate "2018.07.10"]
[EventType "team-tourn"]
[EventCountry "GRE"]
[SourceTitle "playchess.com"]
[Source "ChessBase"]
[SourceQuality "1"]
[TimeControl "40/5400+30:1800+30"]

1. e4 {[%emt 0:00:00]} c5 {[%emt 0:00:00]} 2. Nf3 {[%emt 0:00:00]} d6 {[%emt 0:00:00]} 3. Bc4 {[%emt 0:00:00]} Nc6 {[%emt 0:02:10]} 4. O-O {[%emt 0:00:20]} Nf6 {[%emt 0:01:09]} 5. d3 {[%emt 0:00:06]} Bg4 {[%emt 0:02:38]} 6. c3 {[%emt 0:02:29]} e6 {[%emt 0:00:42]} 7. h3 {[%emt 0:03:47]} Bh5 {[%emt 0:05:28]} 8. Nbd2 {[%emt 0:01:30]} Be7 {[%emt 0:05:06]} 9. Bb3 {[%emt 0:00:30]} O-O {[%emt 0:00:22]} 10. g4 {[%emt 0:11:05]} Bg6 {[%emt 0:00:16]} 11. Nh4 {[%emt 0:00:14]} d5 {[%emt 0:07:34]} 12. Qe2 {[%emt 0:11:48]} b5 {[%emt 0:21:03]} 13. Bc2 {[%emt 0:02:57]} e5 {[%emt 0:02:40]} 14. Ndf3 {[%emt 0:06:41]} dxe4 {[%emt 0:15:52]} 15. dxe4 {[%emt 0:01:08]} c4 {[%emt 0:00:04]} 16. Kh1 {[%emt 0:08:30]} Nd7 {[%emt 0:04:38]} 17. Nf5 {[%emt 0:00:39]} Nc5 {[%emt 0:03:16]} 18. Rd1 {[%emt 0:02:17]} Qc7 {[%emt 0:01:07]} 19. Be3 {[%emt 0:05:47]} Rfd8 {[%emt 0:02:55]} 20. Rd5 {[%emt 0:04:46]} Bxf5 {[%emt 0:01:18]} 21. gxf5 {[%emt 0:00:39]} Rxd5 {[%emt 0:01:22]} 22. exd5 {[%emt 0:01:28]} Na5 {[%emt 0:01:13]} 23. Rg1 {[%emt 0:08:58]} f6 {[%emt 0:01:31]} 24. b4 {[%emt 0:02:41]} cxb3 {[%emt 0:00:15]} 25. axb3 {[%emt 0:00:02]} Ncxb3 {[%emt 0:04:00]} 26. Qxb5 {[%emt 0:13:08]} Qxc3 {[%emt 0:00:18]} 27. Bxb3 {[%emt 0:01:18]} Nxb3 {[%emt 0:00:11]} 28. d6 {[%emt 0:00:46]} 1-0

[Event "46th GRE-chT Premier 2018"]
[Site "Rio Achaia"]
[Date "2018.07.10"]
[Round "1"]
[White "Kanakaris, Georgios"]
[Black "Papaioannou, Ioannis"]
[Result "1/2-1/2"]
[WhiteElo "2409"]
[BlackElo "2647"]
[Annotator "ChessBase"]
[PlyCount "128"]
[EventDate "2018.07.10"]
[EventType "team-tourn"]
[EventCountry "GRE"]
[SourceTitle "playchess.com"]
[Source "ChessBase"]
[SourceQuality "1"]
[TimeControl "40/5400+30:1800+30"]

1. Nf3 {[%emt 0:00:00]} Nf6 {[%emt 0:00:04]} 2. c4 {[%emt 0:00:00]} e6 {[%emt 0:00:07]} 3. e3 {[%emt 0:00:47]} b6 {[%emt 0:00:52]} 4. b3 {[%emt 0:00:42]} g6 {[%emt 0:01:01]} 5. Bb2 {[%emt 0:04:49]} Bg7 {[%emt 0:00:07]} 6. Be2 {[%emt 0:00:22]} O-O {[%emt 0:00:38]} 7. O-O {[%emt 0:00:20]} Bb7 {[%emt 0:00:06]} 8. d4 {[%emt 0:02:56]} d5 {[%emt 0:01:47]} 9. Nc3 {[%emt 0:01:51]} Nbd7 {[%emt 0:01:56]} 10. Rc1 {[%emt 0:05:59]} c5 {[%emt 0:06:57]} 11. cxd5 {[%emt 0:16:31]} Nxd5 {[%emt 0:01:45]} 12. Nxd5 {[%emt 0:03:51]} Bxd5 {[%emt 0:00:07]} 13. Qd2 {[%emt 0:09:48]} Qe7 {[%emt 0:07:07]} 14. dxc5 {[%emt 0:01:45]} Bxb2 {[%emt 0:01:18]} 15. Qxb2 {[%emt 0:00:06]} Nxc5 {[%emt 0:00:05]} 16. Rfd1 {[%emt 0:08:14]} Rad8 {[%emt 0:02:12]} 17. Ne1 {[%emt 0:16:50]} a5 {[%emt 0:08:13]} 18. Bb5 {[%emt 0:02:01]} Qg5 {[%emt 0:02:30]} 19. Qe2 {[%emt 0:01:39]} h5 {[%emt 0:02:30]} 20. Bc4 {[%emt 0:05:20]} Bb7 {[%emt 0:00:56]} 21. Rxd8 {[%emt 0:02:03]} Rxd8 {[%emt 0:00:07]} 22. Rd1 h4 {[%emt 0:04:11]} 23. h3 {[%emt 0:02:59]} Qf6 {[%emt 0:01:10]} 24. Rxd8+ {[%emt 0:00:55]} Qxd8 {[%emt 0:00:07]} 25. Nf3 {[%emt 0:00:51]} Qf6 {[%emt 0:01:01]} 26. Nd4 {[%emt 0:02:12]} Ne4 {[%emt 0:01:45]} 27. Qc2 {[%emt 0:03:02]} Nc5 {[%emt 0:01:02]} 28. Qe2 {[%emt 0:01:08]} Kg7 {[%emt 0:01:28]} 29. a3 {[%emt 0:03:23]} e5 {[%emt 0:00:50]} 30. Nf3 {[%emt 0:00:18]} Bxf3 31. Qxf3 Qxf3 {[%emt 0:01:02]} 32. gxf3 {[%emt 0:00:34]} f5 {[%emt 0:01:21]} 33. b4 {[%emt 0:00:34]} axb4 {[%emt 0:01:07]} 34. axb4 {[%emt 0:00:04]} Nb7 {[%emt 0:00:57]} 35. Kf1 {[%emt 0:01:28]} Nd6 {[%emt 0:00:11]} 36. Bd5 {[%emt 0:01:35]} g5 {[%emt 0:02:00]} 37. Ke2 {[%emt 0:00:40]} Kf6 {[%emt 0:00:36]} 38. Bc6 {[%emt 0:01:35]} Ke6 39. e4 f4 {[%emt 0:04:52]} 40. Kd3 {[%emt 0:00:00]} Ke7 {[%emt 0:00:00]} 41. Ke2 {[%emt 0:15:46]} Kd8 {[%emt 0:02:13]} 42. Ba4 {[%emt 0:02:09]} Kc7 {[%emt 0:00:15]} 43. Ke1 {[%emt 0:01:33]} Nc8 {[%emt 0:04:32]} 44. Kd2 {[%emt 0:01:34]} Nd6 {[%emt 0:02:42]} 45. Ke2 {[%emt 0:01:43]} Kd8 {[%emt 0:02:33]} 46. Bc6 {[%emt 0:00:20]} Ke7 {[%emt 0:00:45]} 47. Ke1 {[%emt 0:01:50]} Kf7 {[%emt 0:02:18]} 48. Bd7 {[%emt 0:00:23]} Kf6 {[%emt 0:00:32]} 49. Ke2 {[%emt 0:01:46]} Ke7 {[%emt 0:00:13]} 50. Bc6 {[%emt 0:00:46]} Nc8 {[%emt 0:00:36]} 51. Kd3 {[%emt 0:03:18]} Na7 {[%emt 0:00:53]} 52. Ba4 {[%emt 0:00:16]} b5 {[%emt 0:00:51]} 53. Bd1 {[%emt 0:00:08]} Nc6 {[%emt 0:00:07]} 54. Kc3 {[%emt 0:00:02]} Nd4 {[%emt 0:00:07]} 55. Kd3 {[%emt 0:00:21]} Kd6 {[%emt 0:00:56]} 56. Be2 {[%emt 0:01:15]} Kc6 {[%emt 0:01:09]} 57. Bd1 {[%emt 0:00:18]} Kb6 {[%emt 0:07:14]} 58. Be2 {[%emt 0:00:25]} Nc6 {[%emt 0:00:20]} 59. Kc3 {[%emt 0:00:03]} Nd8 {[%emt 0:00:34]} 60. Kd3 {[%emt 0:00:41]} Ne6 {[%emt 0:00:50]} 61. Bf1 {[%emt 0:00:31]} Ka6 {[%emt 0:00:23]} 62. Be2 {[%emt 0:01:08]} Kb6 {[%emt 0:05:28]} 63. Bf1 {[%emt 0:00:34]} Nd4 {[%emt 0:01:10]} 64. Be2 {[%emt 0:00:03]} Nxe2 1/2-1/2